00366nam a2200145Ia 4500008004100000020001800041082002000059100000500079245004400084250000600128260002900134300000800163650002200171700002700193140316s9999 xx 000 0 und d a9788131709283 a808.066bGER/TE a aTechnical writing : process and product a5 aAustraliabPearsonc2006 a667 aTechnical writing aGerson,Sharon J et al.